| 000 | 02531cam a2200481 4500 | ||
|---|---|---|---|
| 999 |
_c372396 _d372396 |
||
| 001 | 787882801 | ||
| 003 | DE-627 | ||
| 005 | 20230426132754.0 | ||
| 007 | tu | ||
| 008 | 140612s2014 gw ||||| 00| ||ger c | ||
| 015 |
_a14,N24 _2dnb |
||
| 016 | 7 |
_a1051706580 _2DE-101 |
|
| 020 |
_a9783940219244 _cGb. : EUR 24.90 (DE), EUR 25.60 (AT), sfr 35.50 (freier Pr.) |
||
| 024 | 3 | _a9783940219244 | |
| 035 | _a(DE-627)787882801 | ||
| 035 | _a(DE-576)409666076 | ||
| 035 | _a(DE-599)DNB1051706580 | ||
| 035 | _a(OCoLC)881386694 | ||
| 035 | _a(OCoLC)881386694 | ||
| 040 |
_aDE-627 _bger _cDE-627 _erakwb _dDE-2950 |
||
| 041 | _ager | ||
| 044 | _cXA-DE-HE | ||
| 082 | 0 |
_a381.150943 _222/ger |
|
| 082 | 0 | 4 |
_a380 _a710 _qDNB |
| 082 | 0 | 4 | _a710 |
| 084 |
_aQQ 440 _2rvk _0(DE-625)rvk/141974: |
||
| 084 |
_a83.64 _2bkl |
||
| 100 | 1 |
_aBrune, Walter _d1926-2021 _0(DE-588)132372002 _0(DE-627)521913039 _0(DE-576)174954182 _4aut |
|
| 245 | 1 | 0 |
_aFactory Outlet Center - ein neuer Angriff auf die City: _beine Streitschrift / _cvon Walter Brune. |
| 250 | _a1. Aufl. | ||
| 264 | 1 |
_aWiesbaden: _bIZ IMMOBILIENZEITUNG, _c2014. |
|
| 300 |
_a120 S.: _bIll. _c230 mm x 160 mm |
||
| 336 |
_aText _btxt _2rdacontent |
||
| 337 |
_aohne Hilfsmittel zu benutzen _bn _2rdamedia |
||
| 338 |
_aBand _bnc _2rdacarrier |
||
| 520 | _aIn ganz Europa, aber besonders in Deutschland gibt es über Jahrhunderte entstandene, hochkulturell geprägte Innenstädte. Der Handel ist der belebende Faktor einer Innenstadt. Diesen aus der Innenstadt zu verbannen bedeutet den Niedergang der Urbanität und die Gefährdung der Attraktivität einer Stadt. Ich fühle mich aufgerufen, solche folgenschweren Veränderungen der Lebenswelt und Lebensqualität der meisten Bürger - soweit es mir möglich ist - durch kritische Beobachtung und qualifizierte Analysen öffentlich zu machen, um damit eine Änderung der Entwicklung zu bewirken. Die heute bestehenden, nicht in die Innenstadt integrierten Einkaufszentren haben die urbane Qualität vieler Städte bereits zerstört. Nun erscheint auch auf dem deutschen Einzelhandelsmarkt ein neues Konstrukt mit noch verheerenderer Wirkung auf die nahegelegene Innenstadt - das Factory Outlet Center (FOC) | ||
| 951 | _aBO | ||
| 856 | 4 | 2 |
_uhttp://deposit.d-nb.de/cgi-bin/dokserv?id=4680859&prov=M&dok_var=1&dok_ext=htm _mX: MVB _qtext/html _v2014-06-12 _3Inhaltstext |
| 856 | 4 | 2 |
_uhttp://d-nb.info/1051706580/04 _mB:DE-101 _qapplication/pdf _3Inhaltsverzeichnis |
| 936 | r | v | _aQQ 440 |
| 936 | b | k | _a83.64 |
| 942 |
_2z _cB |
||